| 000 | 00960nas a2200289 4500 | ||
|---|---|---|---|
| 001 | BR2013008218 | ||
| 003 | BR-BrBNA | ||
| 005 | 20231205123200.0 | ||
| 007 | ta | ||
| 008 | 230509b bl.|||p| |||| 00| 00por d | ||
| 040 |
_aBR-BrBNA _bpor _cBiblioteca Nacional de Agricultura |
||
| 041 | _a(Pt) | ||
| 072 | _aP10 | ||
| 100 | 1 | _aVilanova, M.R.N. | |
| 100 | 1 | _aBalestieri, J.A.P. | |
| 245 | 1 | _aQualidade de dados fluviométricos obtidos através de perfilamento acústico | |
| 246 | 1 | _aQuality analysis of streamflow data obtained by acoustic profiling | |
| 650 | _aLEVANTAMENTO | ||
| 650 | _aFLUVIOMETRIA | ||
| 650 | _aQUALIDADE | ||
| 650 | _aMEDIÇÃO | ||
| 650 | _aMÉTODO | ||
| 773 | 0 |
_tRevista Árvore (Brazil) _xISSN 0100-6762 _g(May-Jun 2013), v. 37(3) p. 531-538 _wBR2013008218 |
|
| 856 | 4 |
_uhttp://www.scielo.br/pdf/rarv/v37n3/a16v37n3.pdf _yRecurso eletrônico (PDF) |
|
| 909 |
_a202311 _bLúcia _c55 _dLúcia Elande |
||
| 942 |
_2AGRIS _n0 _cANA |
||
| 999 |
_c232575 _d232575 |
||